Annual State of Constitutionalism in East Africa 2013 / (Record no. 5954)

MARC details
000 -LEADER
fixed length control field 00662nam a22002177a 4500
003 - CONTROL NUMBER IDENTIFIER
control field OSt
005 - DATE AND TIME OF LATEST TRANSACTION
control field 20171028120058.0
008 - FIXED-LENGTH DATA ELEMENTS--GENERAL INFORMATION
fixed length control field 141126b xxu||||| |||| 00| 0 eng d
020 ## - INTERNATIONAL STANDARD BOOK NUMBER
International Standard Book Number 9-7899-7025-3425
040 ## - CATALOGING SOURCE
Original cataloging agency LDCLIB
Transcribing agency LDCLIB
082 ## - DEWEY DECIMAL CLASSIFICATION NUMBER
Edition number 22
Classification number 342.676
Item number ANN
245 ## - TITLE STATEMENT
Title Annual State of Constitutionalism in East Africa 2013 /
Statement of responsibility, etc edited by Thierry B. Murangira.
260 ## - PUBLICATION, DISTRIBUTION, ETC. (IMPRINT)
Place of publication, distribution, etc Kampala, Uganda :
Name of publisher, distributor, etc Fountain publishers
Date of publication, distribution, etc 2013
300 ## - PHYSICAL DESCRIPTION
Extent v, 234 p. ;
Dimensions 21 cm.
500 ## - GENERAL NOTE
General note Includes Index
650 ## - SUBJECT ADDED ENTRY--TOPICAL TERM
Topical term or geographic name as entry element Constitutionalism
650 ## - SUBJECT ADDED ENTRY--TOPICAL TERM
Topical term or geographic name as entry element Constitutional law
650 ## - SUBJECT ADDED ENTRY--TOPICAL TERM
Topical term or geographic name as entry element Constitutionalism-East Africa
700 ## - ADDED ENTRY--PERSONAL NAME
Personal name Murangira, Thierry B.
942 ## - ADDED ENTRY ELEMENTS (KOHA)
Source of classification or shelving scheme Dewey Decimal Classification
Koha item type Books
Holdings
Withdrawn status Lost status Source of classification or shelving scheme Damaged status Not for loan Home library Current library Shelving location Date acquired Total Checkouts Full call number Barcode Date last seen Copy number Price effective from Koha item type Public note
    Dewey Decimal Classification     Law Development Centre Main Library Law Development Centre Main Library Text Books and Laws 11/26/2014   342.676 ANN 1009/2014 11/26/2014 1 11/26/2014 Books Reference
    Dewey Decimal Classification     Law Development Centre Main Library Law Development Centre Main Library Text Books and Laws 11/26/2014   342.676 ANN 1010/2014 11/26/2014 2 11/26/2014 Books Reference
    Dewey Decimal Classification     Law Development Centre Main Library Law Development Centre Main Library Text Books and Laws 11/26/2014   342.676 ANN 1011/2014 11/26/2014 3 11/26/2014 Books Reference